MARC details
| 000 -LEADER |
| fixed length control field |
02770cam a2200361 i 4500 |
| 001 - CONTROL NUMBER |
| control field |
20859091 |
| 003 - CONTROL NUMBER IDENTIFIER |
| control field |
GZU |
| 005 - DATE AND TIME OF LATEST TRANSACTION |
| control field |
20220628102809.0 |
| 008 - FIXED-LENGTH DATA ELEMENTS--GENERAL INFORMATION |
| fixed length control field |
190220s2019 nyu 000 1 eng |
| 010 ## - LIBRARY OF CONGRESS CONTROL NUMBER |
| LC control number |
2019007497 |
| 020 ## - INTERNATIONAL STANDARD BOOK NUMBER |
| International Standard Book Number |
9781509877942 |
| Qualifying information |
(Hardcover) |
| 020 ## - INTERNATIONAL STANDARD BOOK NUMBER |
| Canceled/invalid ISBN |
9780399179488 |
| Qualifying information |
(Ebook) |
| 040 ## - CATALOGING SOURCE |
| Original cataloging agency |
DLC |
| Language of cataloging |
eng |
| Transcribing agency |
DLC |
| Description conventions |
rda |
| Modifying agency |
DLC |
| 042 ## - AUTHENTICATION CODE |
| Authentication code |
pcc |
| 050 00 - LIBRARY OF CONGRESS CALL NUMBER |
| Classification number |
PS3569. |
| Item number |
STE 2019 |
| 082 00 - DEWEY DECIMAL CLASSIFICATION NUMBER |
| Edition number |
23 |
| 084 ## - OTHER CLASSIFICATION NUMBER |
| Classification number |
FIC044000 |
| -- |
FIC045000 |
| -- |
FIC027020 |
| Number source |
bisacsh |
| 100 1# - MAIN ENTRY--PERSONAL NAME |
| Personal name |
Steel, Danielle, |
| Relator term |
author. |
| Dates associated with a name |
1947 - |
| 245 10 - TITLE STATEMENT |
| Title |
Lost and found : |
| Remainder of title |
a novel / |
| Statement of responsibility, etc. |
Danielle Steel. |
| 250 ## - EDITION STATEMENT |
| Edition statement |
First edition. |
| 264 #1 - PRODUCTION, PUBLICATION, DISTRIBUTION, MANUFACTURE, AND COPYRIGHT NOTICE |
| Place of production, publication, distribution, manufacture |
London; New York : |
| Name of producer, publisher, distributor, manufacturer |
Macmillan; Delacorte Press, |
| Date of production, publication, distribution, manufacture, or copyright notice |
[2019] |
| 300 ## - PHYSICAL DESCRIPTION |
| Extent |
270 pages ; |
| Dimensions |
25 cm |
| 336 ## - CONTENT TYPE |
| Content type term |
text |
| Content type code |
txt |
| Source |
rdacontent |
| 337 ## - MEDIA TYPE |
| Media type term |
unmediated |
| Media type code |
n |
| Source |
rdamedia |
| 338 ## - CARRIER TYPE |
| Carrier type term |
volume |
| Carrier type code |
nc |
| Source |
rdacarrier |
| 520 ## - SUMMARY, ETC. |
| Summary, etc. |
"What might have been? That tantalizing question propels a woman on a cross-country adventure to reunite with the men she loved and let go, in Danielle Steel's exhilarating new novel. It all starts with a fall from a ladder, in a firehouse in New York City. The firehouse has been converted into a unique Manhattan home and studio where renowned photographer Madison Allen works and lives after raising three children on her own. But the accident, which happens while Maddie is sorting through long-forgotten personal mementos and photos, results in more than a broken ankle. It changes her life. Spurred by old memories, the forced pause in her demanding schedule, and an argument with her daughter that leads to a rare crisis of confidence, Maddie embarks on a road trip. She hopes to answer questions about the men she loved and might have married--but didn't--in the years after she was left alone with three young children. Wearing a cast and driving a rented SUV, she sets off to reconnect with three very different men--one in Boston, one in Chicago, and another in Wyoming--to know once and for all if the decisions she made long ago were the right ones. Before moving forward into the future, she is compelled to confront the past. As the miles and days pass, and with each new encounter, Maddie's life comes into clearer focus and a new future takes shape. A deeply felt story about love, motherhood, family, and fate, Lost and Found is an irresistible new novel from America's most dynamic storyteller"-- |
| Assigning source |
Provided by publisher. |
| 650 #7 - SUBJECT ADDED ENTRY--TOPICAL TERM |
| Topical term or geographic name entry element |
FICTION / Contemporary Women. |
| Source of heading or term |
bisacsh |
| 650 #7 - SUBJECT ADDED ENTRY--TOPICAL TERM |
| Topical term or geographic name entry element |
FICTION / Family Life. |
| Source of heading or term |
bisacsh |
| 650 #7 - SUBJECT ADDED ENTRY--TOPICAL TERM |
| Topical term or geographic name entry element |
FICTION / Romance / Contemporary. |
| Source of heading or term |
bisacsh |
| 906 ## - LOCAL DATA ELEMENT F, LDF (RLIN) |
| a |
7 |
| b |
cbc |
| c |
orignew |
| d |
1 |
| e |
ecip |
| f |
20 |
| g |
y-gencatlg |
| 942 ## - ADDED ENTRY ELEMENTS (KOHA) |
| Source of classification or shelving scheme |
Library of Congress Classification |
| Koha item type |
Books |
| Edition |
First edition |
| Classification part |
3569 |
| Item part |
STE |
| Call number prefix |
PS |